Sanat - "Olet puolisoni nyt" - Samuli Putro - Statistics

Yleistilastot
  • Tätä visaa on pelattu 395 kertaa
  • Keskiarvotulos 139 / 205
Vastaustilastot
Vastaus % Oikein
ole
93%
puolisoni
90%
nyt
89%
olet
89%
on
89%
ja
87%
Ei
86%
ei
86%
oli
85%
en
83%
silloin
81%
niin
79%
hiljaista
78%
hiljaisuus
78%
jää
78%
täydellisen
78%
virtaa
78%
alakerrassa
77%
kaksi
77%
Kyyneleitä
77%
olit
77%
sekunttiakaan
77%
76%
vaihtais
76%
vasta
76%
kirkonkelloja
73%
toinen
73%
vanhusta
73%
kello
72%
huuto
71%
kasvukipuja
71%
kuiskauskin
71%
preeriaa
71%
että
68%
joka
68%
kaupungissa
68%
herää
67%
kaupunki
67%
painajaiseen
67%
peltoja
67%
vimmaisia
67%
jäätä
66%
murtui
66%
nuoruutta
66%
toistuvaan
66%
nousee
65%
sängystä
65%
minä
64%
vuortenhuippuja
64%
jonka
63%
repsottaa
63%
reuna
62%
täkkiä
62%
lahja
60%
pysähtyy
59%
jähmettyy
58%
vaikka
58%
eikä
57%
katse
57%
askel
56%
eivät
55%
hyytävää
55%
sudet
55%
täydellistä
55%
ulvo
55%
vesi
55%
kahden
54%
kutsun
54%
minäkään
54%
rakkaudeksi
54%
suoritusta
54%
tätä
54%
tehnyt
54%
ihmisen
53%
ottamatta
53%
puolisonsa
53%
vartalolla
51%
elämäksi
50%
siinä
50%
sinä
50%
filmi
48%
lattia
48%
puinen
48%
valokuvat
47%
yläkerta
47%
koirasta
46%
Kun
46%
kun
46%
seinä
46%
Tapetoitu
46%
yskii
46%
lastenlapsista
43%
nyökkäät
43%
luvan
41%
istut
40%
kevät
40%
kuin
40%
kysyn
40%
40%
musiikki
40%
puhkeaa
40%
saanko
40%
vuolukivestä
40%
rautahaarniskaa
39%
rytmitettyä
39%
tehdään
39%
nurkkapöydässä
38%
salin
38%
olen
37%
kantaa
36%
nuorena
36%
nurmet
35%
vaja
35%
väkivahva
35%
aamu
30%
Ehtoja vastaavia visoja ei löytynyt
Tulosjakauma
Jokaisen tuloksen saaneiden osuus
Persentiili vastausten määrän mukaan
Tuloshistoriasi
Et ole pelannut tätä visaa